Loading...
| Science - Other | 0 | 8 | 1 | 2 | 75 | 18 | 59.25 | 2 | 3 | 0.00 | 0.00 |
| Science - Biology | 0 | 7 | 1 | 1 | 65 | 8 | 53.43 | 2 | 5 | 0.00 | 0.00 |
| Science - Physics | 0 | 7 | 2 | 1 | 60 | 27 | 49.43 | 3 | 5 | 0.00 | 0.00 |
| Science - Chemistry | 0 | 4 | 1 | 0 | 35 | 23 | 40.50 | 2 | 4 | 0.00 | 0.00 |
| Social Science | 0 | 3 | 0 | 0 | 30 | 42 | 51.00 | 1 | 2 | 0.00 | 0.00 |
| Religion | 0 | 3 | 0 | 0 | 30 | 57 | 63.33 | 0 | 1 | 0.00 | 0.00 |
| Philosophy | 0 | 2 | 0 | 0 | 20 | 56 | 73.50 | 0 | 0 | 0.00 | 0.00 |
| Mythology | 0 | 1 | 0 | 0 | 10 | 42 | 42.00 | 1 | 1 | 0.00 | 0.00 |
| History - World | 0 | 1 | 0 | 0 | 10 | 54 | 54.00 | 0 | 0 | 0.00 | 0.00 |
| History - Other | 0 | 1 | 0 | 0 | 10 | 86 | 86.00 | 0 | 0 | 0.00 | 0.00 |
| Pop Culture | 0 | 1 | 1 | 0 | 5 | 40 | 40.00 | 0 | 0 | 0.00 | 0.00 |